[Event "FICGS rapid A 000225 email"]
[Site "FICGS email"]
[Date "2018.10.17"]
[Round "1"]
[White "Shangareev, Mirzian"]
[Black "Meza Martinez, Alcides Ivan"]
[Result "0-1"]
[WhiteElo "1900"]
[BlackElo "2052"]
[PlyCount "124"]
[EventDate "2018.??.??"]
[EventType "tourn (rapid)"]
[EventRounds "6"]
[SourceTitle "Corr 2022"]
[Source "ChessBase"]
[SourceDate "2021.10.24"]
[SourceVersion "1"]
[SourceVersionDate "2021.10.24"]
[SourceQuality "1"]

1. d4 e6 2. e4 d5 3. Nd2 dxe4 4. Nxe4 Nd7 5. Nf3 Ngf6 6. Nxf6+ Nxf6 7. Bg5 h6 8. Bxf6 Qxf6 9. Bb5+ c6 10. Bd3 Bd7 11. c3 Bd6 12. Qe2 0-0 13. Ne5 Rfd8 14. Qe4 g6 15. Nc4 Bc7 16. h4 h5 17. g4 c5 18. Qxb7 Rac8 19. gxh5 cxd4 20. hxg6 dxc3 21. Rd1 cxb2 22. gxf7+ Kxf7 23. Rh3 Bc6 24. Qxb2 Qxb2 25. Nxb2 Bg2 26. Re3 Rb8 27. Nc4 Bf4 28. Ke2 Bxe3 29. Nxe3 Rb2+ 30. Ke1 Bf3 31. Bg6+ Ke7 32. Rxd8 Kxd8 33. a3 Ke7 34. Nc2 Kf6 35. Bd3 Rb1+ 36. Kd2 Rh1 37. Nd4 Bd5 38. Nb5 a5 39. Nc3 Rxh4 40. Ke3 Rh3+ 41. Kd2 Ke5 42. Be2 Kd4 43. Nb5+ Kc5 44. Nc3 Bc4 45. Bg4 Rd3+ 46. Kc2 e5 47. Bd1 Rh3 48. Ne4+ Kd4 49. Ng3 Rh2 50. Nf5+ Kc5 51. Ne3 Rxf2+ 52. Kc3 Be6 53. Kd3 Ra2 54. a4 Ra3+ 55. Kd2 Bd7 56. Bh5 Bxa4 57. Bg6 Bb5 58. Bc2 a4 59. Bf5 Rxe3 60. Kxe3 a3 61. Bb1 Bc6 62. Kd2 Kd4 0-1

[Event "FICGS class A 000198 email"]
[Site "FICGS email"]
[Date "2018.10.13"]
[Round "1"]
[White "Jabot, Daniel"]
[Black "Meza Martinez, Alcides Ivan"]
[Result "1/2-1/2"]
[WhiteElo "2172"]
[BlackElo "2052"]
[PlyCount "47"]
[EventDate "2018.??.??"]
[EventType "tourn (corr)"]
[EventRounds "6"]
[SourceTitle "Corr 2022"]
[Source "ChessBase"]
[SourceDate "2021.10.24"]
[SourceVersion "1"]
[SourceVersionDate "2021.10.24"]
[SourceQuality "1"]

1. e4 e6 2. d4 d5 3. Nd2 dxe4 4. Nxe4 Nd7 5. Nf3 Ngf6 6. Nxf6+ Nxf6 7. Bd3 c5 8. Be3 Qc7 9. Qe2 Be7 10. 0-0-0 Bd7 11. Ne5 0-0 12. Nxd7 Nxd7 13. c3 cxd4 14. Bxd4 Bf6 15. Be3 Rac8 16. Be4 Ne5 17. Bd4 Nd7 18. Kb1 Bxd4 19. Rxd4 Nf6 20. Rhd1 Nxe4 21. Qxe4 b5 22. g3 a5 23. a3 h5 24. Ka2 1/2-1/2

[Event "FICGS class A 000198 email"]
[Site "FICGS email"]
[Date "2018.10.13"]
[Round "1"]
[White "Maitejrsen, Maite"]
[Black "Meza Martinez, Alcides Ivan"]
[Result "0-1"]
[WhiteElo "2063"]
[BlackElo "2052"]
[PlyCount "34"]
[EventDate "2018.??.??"]
[EventType "tourn (corr)"]
[EventRounds "6"]
[SourceTitle "Corr 2022"]
[Source "ChessBase"]
[SourceDate "2021.10.24"]
[SourceVersion "1"]
[SourceVersionDate "2021.10.24"]
[SourceQuality "1"]

1. b3 d5 2. Bb2 Bf5 3. e3 Nf6 4. Nf3 e6 5. c4 h6 6. Nc3 c6 7. d4 Bb4 8. a3 Bd6 9. g3 Nbd7 10. Bg2 0-0 11. 0-0 dxc4 12. bxc4 e5 13. a4 Re8 14. a5 a6 15. Qb3 Rb8 16. Rfd1 exd4 17. exd4 b6 0-1

[Event "FICGS rapid A 000214 email"]
[Site "FICGS email"]
[Date "2018.04.04"]
[Round "1"]
[White "Meza Martinez, Alcides Ivan"]
[Black "Liwat, Lowell"]
[Result "1-0"]
[WhiteElo "1927"]
[BlackElo "1900"]
[PlyCount "51"]
[EventDate "2018.??.??"]
[EventType "tourn (rapid)"]
[EventRounds "6"]
[SourceTitle "Corr 2022"]
[Source "ChessBase"]
[SourceDate "2021.10.24"]
[SourceVersion "1"]
[SourceVersionDate "2021.10.24"]
[SourceQuality "1"]

1. d4 c5 2. d5 e5 3. c4 d6 4. Nc3 Na6 5. e4 Nc7 6. Bd3 g5 7. h3 h5 8. Be2 h4 9. Nf3 g4 10. hxg4 Bxg4 11. g3 h3 12. Nh4 Bxe2 13. Qxe2 Qd7 14. Qf1 Be7 15. Nf5 0-0-0 16. Rxh3 Nf6 17. Qh1 Rhg8 18. f3 Nce8 19. g4 Ng7 20. g5 Nxf5 21. exf5 Qxf5 22. gxf6 Bxf6 23. Ne4 Rh8 24. Rxh8 Bxh8 25. Bg5 f6 26. Nxd6+ 1-0

[Event "FICGS rapid A 000214 email"]
[Site "FICGS email"]
[Date "2018.04.04"]
[Round "1"]
[White "Padula, Marco"]
[Black "Meza Martinez, Alcides Ivan"]
[Result "0-1"]
[WhiteElo "1900"]
[BlackElo "1927"]
[PlyCount "48"]
[EventDate "2018.??.??"]
[EventType "tourn (rapid)"]
[EventRounds "6"]
[SourceTitle "Corr 2022"]
[Source "ChessBase"]
[SourceDate "2021.10.24"]
[SourceVersion "1"]
[SourceVersionDate "2021.10.24"]
[SourceQuality "1"]

1. e4 e6 2. Nf3 d5 3. exd5 exd5 4. d4 Nc6 5. Bd3 Bg4 6. c3 Bd6 7. 0-0 Nge7 8. Bg5 f6 9. Bh4 Qd7 10. Nbd2 h5 11. h3 Bf5 12. Qc2 Bxd3 13. Qxd3 Nf5 14. Rfe1+ Nce7 15. Nb3 b6 16. Nbd2 0-0-0 17. c4 g5 18. Bg3 Bxg3 19. fxg3 g4 20. Nh2 gxh3 21. gxh3 Nxg3 22. Qxg3 Rhg8 23. Ng4 hxg4 24. h4 dxc4 0-1

[Event "HON-ch sf1"]
[Site "Tegucigalpa"]
[Date "2018.01.14"]
[Round "4"]
[White "Miller Matute, Marlon Eduardo"]
[Black "Meza Martinez, Alcides Ivan"]
[Result "1/2-1/2"]
[WhiteElo "2072"]
[BlackElo "2100"]
[PlyCount "69"]
[EventDate "2018.01.13"]
[EventType "swiss"]
[EventRounds "7"]
[EventCountry "HON"]
[SourceTitle "EXT 2019"]
[Source "ChessBase"]
[SourceDate "2018.10.10"]
[SourceVersion "1"]
[SourceVersionDate "2018.10.10"]
[SourceQuality "1"]

1. c4 f5 2. g3 Nf6 3. Bg2 e6 4. Nc3 d5 5. cxd5 exd5 6. d4 c6 7. Nh3 Bd6 8. 0-0 0-0 9. Bf4 Be7 10. f3 Na6 11. Nf2 Nc7 12. Qd2 Be6 13. Rfe1 Qd7 14. Nd3 Rad8 15. Ne5 Qc8 16. Rad1 Rfe8 17. Qc2 a6 18. e4 Nb5 19. Nxb5 axb5 20. exf5 Bxf5 21. Qb3 Bh3 22. Re2 Bxg2 23. Kxg2 Nd7 24. Rde1 Bf6 25. Qd3 Bxe5 26. Bxe5 Nxe5 27. dxe5 b4 28. e6 Re7 29. Re5 Rde8 30. Qe2 d4 31. f4 c5 32. Qc4 Qc6+ 33. Kf2 Rc8 34. Rc1 b6 35. Qd3 1/2-1/2

[Event "HON-ch sf1"]
[Site "Tegucigalpa"]
[Date "2018.01.13"]
[Round "2"]
[White "Vallejo Baca, Luis Mario"]
[Black "Meza Martinez, Alcides Ivan"]
[Result "1/2-1/2"]
[WhiteElo "1996"]
[BlackElo "2100"]
[PlyCount "48"]
[EventDate "2018.01.13"]
[EventType "swiss"]
[EventRounds "7"]
[EventCountry "HON"]
[SourceTitle "EXT 2019"]
[Source "ChessBase"]
[SourceDate "2018.10.10"]
[SourceVersion "1"]
[SourceVersionDate "2018.10.10"]
[SourceQuality "1"]

1. c4 e6 2. e4 d5 3. exd5 exd5 4. d4 Nf6 5. Nc3 Be7 6. Nf3 0-0 7. Be2 dxc4 8. 0-0 Nbd7 9. Bf4 Nb6 10. Ne5 Be6 11. Rc1 c6 12. Qd2 Nfd5 13. Bg3 Nxc3 14. bxc3 Bd5 15. f4 f6 16. Ng4 Bd6 17. Ne3 f5 18. Nxd5 cxd5 19. Bf3 Qd7 20. Rb1 Qc6 21. Qc2 g6 22. a4 Nd7 23. Bh4 a6 24. g3 Rae8 1/2-1/2

[Event "Olympiad-40"]
[Site "Istanbul"]
[Date "2012.09.06"]
[Round "9.1"]
[White "Meza Martinez, Alcides Ivan"]
[Black "Melas, Renos"]
[Result "0-1"]
[WhiteElo "2187"]
[BlackElo "2108"]
[PlyCount "56"]
[EventDate "2012.08.28"]
[EventType "team-swiss"]
[EventRounds "11"]
[EventCountry "TUR"]
[SourceTitle "CBM 151"]
[Source "ChessBase"]
[SourceDate "2012.11.13"]
[SourceVersion "1"]
[SourceVersionDate "2012.11.13"]
[SourceQuality "1"]
[WhiteTeam "Honduras"]
[BlackTeam "Cyprus"]
[WhiteTeamCountry "HON"]
[BlackTeamCountry "CYP"]

1. c4 Nf6 2. g3 e6 3. Bg2 d5 4. Nf3 dxc4 5. Na3 Bxa3 6. bxa3 Nbd7 7. Qc2 0-0 8. 0-0 e5 9. Bb2 Re8 10. Qxc4 c6 11. Qc2 Qe7 12. Rac1 e4 13. Nd4 Nb6 14. a4 Nbd5 15. a5 a6 16. Nb3 Bf5 17. Qc4 Rad8 18. Nc5 Qc7 19. Rfd1 h5 20. h4 Qe7 21. Qb3 Bc8 22. Ba3 Qc7 23. Qa4 Bg4 24. Re1 e3 25. dxe3 Nxe3 26. fxe3 Rxe3 27. Rf1 Qxg3 28. Bb2 Rxe2 0-1

[Event "Olympiad-40"]
[Site "Istanbul"]
[Date "2012.09.04"]
[Round "7.1"]
[White "Meza Martinez, Alcides Ivan"]
[Black "Elarbi, Abobker"]
[Result "0-1"]
[WhiteElo "2187"]
[BlackElo "2259"]
[PlyCount "133"]
[EventDate "2012.08.28"]
[EventType "team-swiss"]
[EventRounds "11"]
[EventCountry "TUR"]
[SourceTitle "CBM 151"]
[Source "ChessBase"]
[SourceDate "2012.11.13"]
[SourceVersion "1"]
[SourceVersionDate "2012.11.13"]
[SourceQuality "1"]
[WhiteTeam "Honduras"]
[BlackTeam "Libya"]
[WhiteTeamCountry "HON"]
[BlackTeamCountry "LBY"]

1. c4 g6 2. g3 Bg7 3. Bg2 e5 4. Nc3 Ne7 5. d3 0-0 6. e4 Nbc6 7. Nge2 d6 8. 0-0 Be6 9. Nd5 Qd7 10. Bg5 f6 11. Be3 Nd8 12. d4 Rf7 13. Qd2 b6 14. b4 a5 15. a3 Nb7 16. Rac1 axb4 17. axb4 Rff8 18. Rc2 Rfb8 19. Rfc1 Nd8 20. Nec3 Nc8 21. b5 Nb7 22. Ne2 Ra3 23. Ra2 Rba8 24. Rca1 R3a5 25. Bf1 Ne7 26. Nec3 Nxd5 27. cxd5 Bh3 28. Be2 f5 29. Rxa5 Rxa5 30. Rxa5 Nxa5 31. dxe5 Bxe5 32. f4 Bg7 33. Bd3 fxe4 34. Nxe4 Bf5 35. Ng5 h6 36. Bxf5 Qxf5 37. Ne6 Nc4 38. Nxg7 Qb1+ 39. Qc1 Qxc1+ 40. Bxc1 Kxg7 41. Kf2 Kf6 42. Kf3 h5 43. Ke4 Kf7 44. h3 Kf6 45. g4 hxg4 46. hxg4 Kf7 47. Kd3 Na5 48. Be3 Nb7 49. Bf2 Nc5+ 50. Kd4 g5 51. Be3 gxf4 52. Bxf4 Kg6 53. Ke3 Nd7 54. Kd4 Nf6 55. g5 Nh7 56. Bg3 Nxg5 57. Ke3 Kf5 58. Bh4 Kg4 59. Be1 Nh7 60. Bc3 Kf5 61. Bg7 Ng5 62. Kd4 Nf3+ 63. Ke3 Ne5 64. Kd4 Ng4 65. Kc4 Ke4 66. Bf8 Ke5 67. Kd3 0-1

[Event "Barcelona Sant Marti op-A 14th"]
[Site "Barcelona"]
[Date "2012.07.14"]
[Round "2"]
[White "Garcia Acosta, Roger"]
[Black "Meza Martinez, Alcides Ivan"]
[Result "0-1"]
[WhiteElo "1894"]
[BlackElo "2187"]
[PlyCount "92"]
[EventDate "2012.07.13"]
[EventType "swiss"]
[EventRounds "9"]
[EventCountry "ESP"]
[SourceTitle "CBM 149 Extra"]
[Source "ChessBase"]
[SourceDate "2012.08.24"]
[SourceVersion "1"]
[SourceVersionDate "2012.08.24"]
[SourceQuality "1"]

1. e4 e6 2. d4 d5 3. Nc3 Bb4 4. e5 c5 5. a3 Bxc3+ 6. bxc3 Qa5 7. Bd2 Qa4 8. Qb1 c4 9. h4 Nc6 10. h5 h6 11. g3 Bd7 12. Bh3 0-0-0 13. Ne2 Nge7 14. Nf4 b6 15. 0-0 Kb7 16. Kh2 a5 17. Qd1 Ka6 18. Ng2 Rdg8 19. Ne3 Nd8 20. f4 f5 21. exf6 gxf6 22. f5 Rf8 23. Bc1 Qc6 24. a4 Rf7 25. Ba3 Nxf5 26. Nxf5 exf5 27. Bxf5 Bxf5 28. Rxf5 Re8 29. Bc1 Re4 30. Rf2 f5 31. Bf4 Ne6 32. Be5 Ng5 33. Qf1 Qe6 34. Re2 Rxe2+ 35. Qxe2 f4 36. gxf4 Qh3+ 37. Kg1 Ne4 38. Qg2 Qxh5 39. Qg8 Qf5 40. Re1 Rf8 41. Qg2 Qf7 42. Kf1 Rg8 43. Qh2 Qg6 44. Re2 Ng3+ 45. Ke1 Nxe2 46. Qxe2 Qg1+ 0-1

[Event "Collado Villalba op-A 27th"]
[Site "Collado Villalba"]
[Date "2010.08.20"]
[Round "1"]
[White "Meza Martinez, Alcides Ivan"]
[Black "Bluvshtein, Mark"]
[Result "0-1"]
[WhiteElo "2134"]
[BlackElo "2583"]
[PlyCount "76"]
[EventDate "2010.08.20"]
[EventType "swiss"]
[EventRounds "10"]
[EventCountry "ESP"]
[SourceTitle "CBM 138 Extra"]
[Source "ChessBase"]
[SourceDate "2010.10.29"]
[SourceVersion "1"]
[SourceVersionDate "2010.10.29"]
[SourceQuality "1"]

1. d4 Nf6 2. Nf3 e6 3. Bf4 c5 4. e3 b6 5. Nbd2 Bb7 6. c3 Be7 7. Be2 Nh5 8. Bg3 0-0 9. 0-0 Nxg3 10. hxg3 d5 11. Ne5 f6 12. Ng4 Nd7 13. f4 f5 14. Nf2 a6 15. g4 b5 16. gxf5 exf5 17. Bd3 Qb6 18. Nf3 g6 19. g4 Qe6 20. gxf5 gxf5 21. Qd2 c4 22. Bc2 Qg6+ 23. Kh1 Qh5+ 24. Nh2 Kh8 25. Qd1 Nf6 26. Qf3 Qh4 27. Rg1 Ne4 28. Nxe4 dxe4 29. Qg3 Qh6 30. Rad1 Rg8 31. Qf2 Qh3 32. Rxg8+ Rxg8 33. Rg1 Rg6 34. Bd1 Kg7 35. b3 Bh4 36. Rxg6+ hxg6 37. Qg1 Bd5 38. b4 Bg3 0-1